Planes (Record no. 93396)

MARC details
000 -LEADER
campo de control de longitud fija 01152nam a2200289 i 4500
001 - NÚMERO DE CONTROL
campo de control 93396
003 - IDENTIFICADOR DE NÚMERO DE CONTROL
campo de control ES-MaACL
005 - FECHA Y HORA DE LA ÚLTIMA TRANSACCIÓN
campo de control 20250907063053.0
007 - CAMPO FIJO DE DESCRIPCIÓN FÍSICA--INFORMACIÓN GENERAL
campo de control de longitud fija t|
008 - DATOS DE LONGITUD FIJA--INFORMACIÓN GENERAL
campo de control de longitud fija 050526s1961 sp ||||1| spa d
080 ## - NÚMERO DE LA CLASIFICACIÓN DECIMAL UNIVERSAL
Número de la Clasificación Decimal Universal 730 Planes, José (083.82)
100 1# - ENTRADA PRINCIPAL--NOMBRE DE PERSONA
Nombre de persona Planes, José,
Fechas asociadas al nombre 1891-1974
9 (RLIN) 92554
245 10 - MENCIÓN DEL TÍTULO
Título Planes
Resto del título : [exposición, Sala de Santa Catalina del Ateneo de Madrid, 22 de febrero-12 de marzo de 1961 /
Mención de responsabilidad, etc. [Texto: Salvador Jiménez].
260 ## - PUBLICACIÓN, DISTRIBUCIÓN, ETC.
Lugar de publicación, distribución, etc. Madrid :
Nombre del editor, distribuidor, etc. Editora Nacional,
Fecha de publicación, distribución, etc. [1961]
300 ## - DESCRIPCIÓN FÍSICA
Extensión [36] p. :
Otras características físicas principalmente il. n. ;
Dimensiones 21 cm.
490 1# - MENCIÓN DE SERIE
Mención de serie Cuadernos de arte. Colección ordinaria ;
Designación de volumen o secuencia 73
600 14 - PUNTO DE ACCESO ADICIONAL DE MATERIA--NOMBRE DE PERSONA
Nombre de persona Planes, José,
Fechas asociadas al nombre 1891-1974-
Subdivisión de forma Exposiciones
9 (RLIN) 92555
610 27 - PUNTO DE ACCESO ADICIONAL DE MATERIA--NOMBRE DE ENTIDAD CORPORATIVA
Nombre de entidad corporativa o nombre de jurisdicción como elemento de entrada Ateneo de Madrid-
Subdivisión de forma Exposiciones-
Subdivisión cronológica 1960-1969.
9 (RLIN) 1920
655 #7 - TERMINO DE INDIZACIÓN--GENERO/FORMA
Fuente del término tgfbne
9 (RLIN) 193628
Datos o término principal de género/forma Catálogos de exposiciones
700 1# - ENTRADA AGREGADA--NOMBRE PERSONAL
Nombre de persona Jiménez, Salvador.
9 (RLIN) 66439
710 2# - ENTRADA AGREGADA--NOMBRE DE ENTIDAD CORPORATIVA
Nombre de entidad corporativa o nombre de jurisdicción como elemento de entrada Ateneo de Madrid.
Unidad subordinada Sala de Santa Catalina.
9 (RLIN) 1964
830 0# - PUNTO DE ACCESO ADICIONAL DE SERIE-TÍTULO UNIFORME
Título uniforme Cuadernos de arte. Colección ordinaria
Designación de volumen o secuencia 73
9 (RLIN) 180064
852 ## - LOCALIZACIÓN
Ubicación ES-MaACL
Número de control de estantería 2191-F-18
Sublocalización o colección R.136049
itemnumber 96816
Ubicación en estantería Depósito folletos
852 ## - LOCALIZACIÓN
Ubicación ES-MaACL
Número de control de estantería G-13297(4)
itemnumber 96815
Ubicación en estantería Sala Pecera Planta 3
942 ## - ELEMENTOS DE ENTRADA SECUNDARIOS (KOHA)
Fuente del sistema de clasificación o colocación Clasificación decimal universal
Holdings
Estatus retirado Estado de pérdida Fuente del sistema de clasificación o colocación Estado de daño No para préstamo Colección Biblioteca de origen Biblioteca actual Ubicación en estantería Fecha de adquisición Total de préstamos Signatura topográfica completa Código de barras Visto por última vez Precio de reemplazo Tipo de ítem Koha
    Clasificación decimal universal     Colección digital Biblioteca del Ateneo de Madrid Biblioteca del Ateneo de Madrid Sala Pecera Planta 3 17/01/2008   G-13297(4) 1097500 23/02/2023 23/02/2023 Folleto
    Clasificación decimal universal     Colección de folletos Biblioteca del Ateneo de Madrid Biblioteca del Ateneo de Madrid Depósito folletos 17/01/2008   2191-F-18 1097499 23/02/2023 23/02/2023 Folleto